00487nam a2200157 a 4500008004100000020001800041050001600059100001600075245011500091250001600206260003100222300003400253350001000287650001400297650001800311191203s2016 ||||||||||||||||| || u a9780702062254 aRC 76.5 Tix aTixa, Serge10aAtlas of surface palpation : anatomy of the neck, trunk, upper and lower limbs (third edition)cBy Serge Tixa  a3rd edition aEdinburgh bElsevierc2016 axi, 541 pages : illustrations a65.49 aPALPATION 0aHUMAN ANATOMY